SNL Cast Members by Pictures - Statistics

General Stats
  • This quiz has been taken 108 times
  • The average score is 15 of 20
Answer Stats
Picture Hint Answer % Correct
2000 - 2006 Tina Fey
97%
1991 - 1995 Adam Sandler
95%
2001 - 2008 Amy Poehler
90%
2005 - 2012 Andy Samberg
89%
2003 - present Kenan Thompson
89%
2014 - 2022 Pete Davidson
88%
2014 - present Colin Jost
86%
1980 - 1984 Eddie Murphy
86%
2000 - 2007 Maya Rudolph
86%
2005 - 2012 Kristen Wiig
85%
1977 - 1980 Bill Murray
81%
1990 - 1993 Chris Rock
80%
2012 - 2022 Kate McKinnon
80%
2002 - 2013 Fred Armisen
75%
1982 - 1985 Julia Louis-Dreyfus
67%
1975 - 1979 Dan Aykroyd
63%
2017 - present Heidi Gardner
56%
1995 - 2001 Molly Shannon
52%
1996 - 2002 Ana Gasteyer
33%
1975 - 1980 Laraine Newman
27%
No matching quizzes found
Score Distribution
Percent of People with Each Score
Percentile by Number Answered
Your Score History
You have not taken this quiz